Library Banner

Tareekh ibne Khaldoon = تاریخ ابن خلدون ( العرب قبل الاسلام و عہد رسالت) / (Record no. 132255)

MARC details
000 -LEADER
fixed length control field 00542nam a22001577a 4500
005 - DATE AND TIME OF LATEST TRANSACTION
control field 20231128113340.0
008 - FIXED-LENGTH DATA ELEMENTS--GENERAL INFORMATION
fixed length control field 231128b ||||| |||| 00| 0 eng d
040 ## - CATALOGING SOURCE
Transcribing agency PK-LaUMT
082 ## - DEWEY DECIMAL CLASSIFICATION NUMBER
Classification number PKAC 297.09
Item number IBN-T
100 ## - MAIN ENTRY--PERSONAL NAME
Personal name Ibne Khaldoon = ابن خلدون
245 ## - TITLE STATEMENT
Title Tareekh ibne Khaldoon = تاریخ ابن خلدون ( العرب قبل الاسلام و عہد رسالت) /
Statement of responsibility, etc by Ibne Khaldoon = ابن خلدون
260 ## - PUBLICATION, DISTRIBUTION, ETC. (IMPRINT)
Place of publication, distribution, etc Lahore :
Name of publisher, distributor, etc Muhammad Shamsuddin,
Date of publication, distribution, etc 1960
300 ## - PHYSICAL DESCRIPTION
Extent 440 p.
650 ## - SUBJECT ADDED ENTRY--TOPICAL TERM
Topical term or geographic name as entry element Islam - History
942 ## - ADDED ENTRY ELEMENTS (KOHA)
Koha item type Books
Holdings
Withdrawn status Lost status Damaged status Home library Current library Date acquired Full call number Barcode Date last seen Copy number Price effective from Koha item type
      UMT Main Campus UMT Main Campus 2023-11-28 PKAC 297.09 IBN-T 145747 2023-11-28 Vol.1 2023-11-28 Books